000 01304nam a2200313 a 4500
001 BRCA_3182
005 20190320204142.0
008 160209s1652----enk#---###---#000-0#eng-u
041 _aeng
044 _aenk
084 _a481
_b.H634
_c1652
100 1 _aCervantes Saavedra, Miguel de
_d1547-1616
_9213
245 1 0 _aThe History of the Valorous and Witty-Knight Errant Don Quixote of the Mancha
_cMiguel de Cervantes Saavedra.
260 _aLondres
_bRichard Hodgkinsonne
_c1652
300 _a1 v. (en varias paginaciones)
_c29 cm.
500 _aContenido : Primera parte. Prólogo del autor. Versos preliminares. Texto. Segunda parte. Prólogo del autor. Texto
500 _aEdición : Trasleted out of the Spanish by Thomas Shelton. Now newly corrected and Amended
500 _aEjemplar enteramente igual al LO-480. Piel Lúdovik Osterc
500 _aQM399
546 _aTexto en : inglés
650 1 4 _aNovela española
_yÉpoca clásica, 1500-1700
_9215
650 1 4 _aLiteratura española
_yÉpoca clásica, 1500-1700
_9216
650 1 4 _aNovela española
_ySiglo XVII
_9217
650 1 4 _aDon Quijote (Personaje ficticio)
_eNovela
_9218
700 1 _aShelton, Thomas
_d?-1626
_eTraductor
_98554
740 0 _aEl Ingenioso Hidalgo Don Quijote de la Mancha
902 _aQFM
942 _2lcc
_cB
999 _c2918
_d2918